Zmena zákona o dani z príjmov

Novelizácia Zákona o dani z príjmov od 1.1.2014, hlavné ciele. Zvýšenie právnej istoty daňovníkov a atraktivity podnikateľského prostredia.

Saved in:
Bibliographic Details
Main Author: Višňovec, Ignác
Format: Book Chapter
Language:Slovak
Subjects:
Tags: Add Tag
No Tags, Be the first to tag this record!

MARC

LEADER 00000naa a2200000 4500
001 0182349
005 20231120134229.9
041 0 |a slo 
044 |a SK 
245 1 0 |a Zmena zákona o dani z príjmov  |c Ignác Višňovec 
520 |a Novelizácia Zákona o dani z príjmov od 1.1.2014, hlavné ciele. Zvýšenie právnej istoty daňovníkov a atraktivity podnikateľského prostredia. 
610 2 0 |a dane z príjmov 
610 2 0 |a zákony 
610 2 0 |a novelizácia 
100 1 |a Višňovec, Ignác